Państwa po podpowiedziach - Statystyki

Ogólne statystyki
  • Ten quiz został rozwiązany 35 razy
  • Średni wynik to 9 z 15
Statystyki odpowiedzi
podpowiedź państwa % Poprawnych
Państwo które jako pierwsze miało konstytucję Stany zjednoczone
96%
Kraj z największą ilością bomb atomowych Rosja
91%
Państwo które odebrało Moskwę od Rosji Polska
83%
Najmniejszy kraj świata Watykan
83%
Największy kraj w Afryce po 2011 Algieria
78%
Najczęściej odwieszany kraj na świecie(2024) Francja
78%
Największy kraj w Afryce do 2011 roku Sudan
78%
6 największe państwo na świecie Australia
74%
3 najmniejszy kraj na świecie Nauru
48%
Kraj który kiedyś miał bombę atomową Republika południowej afryki
48%
Jaki kraj nie ma na fladze czerwonego białego i niebieskiego Jamajka
43%
Największa enklawa na świecie Lesotho
43%
Najrzadziej odwiedzany kraj na świecie(2024) Tuvalu
26%
5 członowe państwo na świecie Wyspy świętego tomasza i książęca
26%
Państwo z kolorem fioletowym na fladze(nie chodzi o dominike) Nikaragua
13%
Nie znaleziono quizów pasujących do podanych kryteriów
Rozkład punktacji
Procent ludzi z każdym wynikiem
Percentyl według liczby udzielonych odpowiedzi
Twoja historia wyników
Nie rozwiązałeś tego quizu